| 000 | 01014cam a22003017a 4500 | ||
|---|---|---|---|
| 003 | CHAP | ||
| 005 | 20220329141410.0 | ||
| 008 | 971013s1980 r 00010 d | ||
| 010 | _a67548 | ||
| 011 | _a68520 | ||
| 035 | _a77992 | ||
| 040 | _cCHAP | ||
| 082 | 0 | 4 |
_a543.072 _bF5 |
| 100 | 0 | 0 |
_aFlores Jasso, Yolanda. _941597 |
| 245 | 1 | 0 | _aTeoría, problemas y prácticas de análisis químico |
| 246 | 3 |
_aAnálisis químico : _bteoría, problemas y prácticas |
|
| 260 |
_aChapingo, Méx. : _bUACH. Departamento de Irrigación, _c1980 |
||
| 300 | _a238 p. | ||
| 590 |
_aBATCH-UPD _b10 _c20130110 _lUCH01 _h0624 |
||
| 590 |
_aBATCH-UPD _b10 _c20130410 _lUCH01 _h0308 |
||
| 590 |
_aBATCH-UPD _b10 _c20130914 _lUCH01 _h1419 |
||
| 590 |
_aCONVERSION _b10 _c20130109 _lUCH01 _h1337 |
||
| 650 | 1 | 4 |
_aQuímica analítica. _993582 |
| 901 | _aBK | ||
| 942 | _cLIBRO | ||
| 949 |
_a543.072 F5 _bBC _cLIBRO _d33724002123363 _eLIBRO _fc.2 _gI.c/e _h111222 _i77992 _sb |
||
| 949 |
_a543.072 F5 _bBC _cUACH _d-30865 _eUACH _h72769 _i77992 _mD _si |
||
| 999 |
_c67548 _d67548 |
||